00972nam a22001577a 4500999001900000008004100019100002800060245003200088260001200120300003000132520048800162773001200650906004000662942000700702952010500709 c520131d520131220702b ||||| |||| 00| 0 eng d aWadhwa, Manjula 931815 aTech-innovation in banking  aYojana  a66(6), Jun, 2022: p.41-43 aThe banking sector is rapidly adopting new merging technologies to draw the customers to park their wealth in attractive bank products and schemes. Latest technologies like artificial intelligence. Big data, deep machine learning and robotics are being used to understand the customers and their needs better. Established 252 years age, banking system in India has left its traditional way of functioning for behind and has emerged in new advent of new technologies. – Reproduced  aYojana  aFINANCE - TECHNOLOGICAL INNOVATIONS cAR 00102ddc40709394201aIIPAbIIPAd2022-07-02h66(6), Jun, 2022: p.41-43pAR126795r2022-07-02yAR